000 00512 a2200133 4500
020 _a0471303119 (alk. paper)
082 _a620.1366 SHA
100 _aShah, S. P.
245 _aFracture mechanics of concrete :
_bapplications of fracture mechanics to concrete, rock and other quasi-brittle materials /
_cSurendra P. Shah, Stuart E. Swartz, Chengsheng Ouyang.
260 _aNew York :
_bWiley,
_c1995.
300 _axxxi, 552 p. :
_bill. ;
_c24 cm.
650 _aConcrete
_xFracture.
650 _aRocks
_xFracture.
650 _aFracture mechanics.
999 _c864
_d864